De algunas cosas en torno a la izquierda que siempre quise decir o que siempre quise pensar y no lo hice por falta de capacidad, o por sobra de dogmas, o porque no me fueran a calificar de cómplice del imperialismo /
Guardat en:
| Autor principal: | |
|---|---|
| Format: | Text |
| Etiquetes: |
Afegir etiqueta
Sense etiquetes, Sigues el primer a etiquetar aquest registre!
|
MARC
| LEADER | 00000 a a2200000 04500 | ||
|---|---|---|---|
| 001 | 46591 | ||
| 003 | |||
| 040 | |||
| 100 | |a Monsiváis, Carlos | ||
| 245 | |a De algunas cosas en torno a la izquierda que siempre quise decir o que siempre quise pensar y no lo hice por falta de capacidad, o por sobra de dogmas, o porque no me fueran a calificar de cómplice del imperialismo / |c Carlos Monsiváis | ||
| 773 | |g páginas 193-203 | ||
| 999 | |c 22050 |d 22050 | ||
